[Event "12th Africa-ch (w)"]
[Site "Livingstone ZAM"]
[Date "2018.05.13"]
[Round "1"]
[White "Botlhole, Kgalalelo"]
[Black "Shahenda, Wafa"]
[Result "0-1"]
[WhiteElo "1728"]
[BlackElo "2148"]
[EventDate "2018.05.13"]
[PlyCount "144"]

1.c4 Nf6 2.Nc3 g6 3.g3 Bg7 4.Bg2 O-O 5.Nf3 d6 6.O-O e5 7.d4 Qe7 8.dxe5 
dxe5 9.Bg5 c6 10.Ne4 Qe6 11.Nxf6+ Bxf6 12.Bxf6 Qxf6 13.Qc2 Na6 14.Rfd1 Bf5
15.Qc3 Rfe8 16.b4 Qe7 17.a3 Bg4 18.h3 Bf5 19.Nh4 Be6 20.Qxe5 Bxc4 21.Qxe7 
Rxe7 22.e3 Nc7 23.Rd4 Be6 24.Nf3 a5 25.bxa5 Rxa5 26.Rd8+ Kg7 27.Nd4 Bd5 
28.Bxd5 Nxd5 29.Rb8 c5 30.Nb3 Rb5 31.Nd2 Rb2 32.Nc4 Rc2 33.Nd6 b6 34.e4 
Nc3 35.Rxb6 Nxe4 36.Nxe4 Rxe4 37.Rc6 Ree2 38.Rf1 Re4 39.Rc7 c4 40.a4 Ra2 
41.Rd1 Ree2 42.Rxc4 Rxf2 43.g4 Rg2+ 44.Kf1 Rh2 45.Kg1 Rxh3 46.Rf4 Rha3 47.
Rdf1 Kh6 48.Rxf7 Rg3+ 49.Kh1 Rxg4 50.R7f4 Rxa4 51.Rxg4 Rxg4 52.Kh2 Kh5 53.
Rf7 h6 54.Rh7 Kg5 55.Kh3 Ra4 56.Rc7 Ra3+ 57.Kg2 h5 58.Rc5+ Kh6 59.Rc6 h4 
60.Rb6 Kh5 61.Rb5+ g5 62.Rb7 h3+ 63.Kh2 Kh4 64.Rb4+ g4 65.Kh1 Kg3 66.Rb1 
Ra2 67.Rb3+ Kf2 68.Rb1 Re2 69.Rb5 g3 70.Rf5+ Ke3 71.Re5+ Kf3 72.Rf5+ Kg4 
0-1

[Event "12th Africa-ch (w)"]
[Site "Livingstone ZAM"]
[Date "2018.05.13"]
[Round "1"]
[White "Mezioud, Amina"]
[Black "Vilhete, Vania"]
[Result "0-1"]
[WhiteElo "2078"]
[BlackElo "1717"]
[EventDate "2018.05.13"]
[PlyCount "25"]

1.e4 c5 2.Nf3 d6 3.d4 cxd4 4.Nxd4 Nf6 5.Nc3 a6 6.Be2 e5 7.Nb3 Be6 8.O-O 
Nbd7 9.Be3 Be7 10.f3 O-O 11.Qd2 b5 12.a3 Qc7 13.f4 0-1

[Event "12th Africa-ch (w)"]
[Site "Livingstone ZAM"]
[Date "2018.05.13"]
[Round "1"]
[White "Angolikin, Goretti"]
[Black "Latreche, Sabrina"]
[Result "0-1"]
[WhiteElo "1701"]
[BlackElo "2043"]
[EventDate "2018.05.13"]
[PlyCount "112"]

1.e4 e5 2.Nf3 Nc6 3.Bc4 Bc5 4.d3 Nf6 5.c3 d6 6.h3 a6 7.Bg5 h6 8.Bh4 b5 9.
Bd5 Bb7 10.Nbd2 g5 11.Bxc6+ Bxc6 12.Bg3 Bb6 13.Qe2 Qe7 14.O-O-O Nh5 15.Bh2
Nf4 16.Bxf4 exf4 17.Rhe1 O-O-O 18.Nb3 Rhe8 19.Qc2 Bb7 20.Nbd4 Qf6 21.Kb1 
h5 22.Nb3 Qg6 23.Ng1 d5 24.f3 Be3 25.exd5 Bxd5 26.d4 Bc4 27.Qxg6 fxg6 28.
Nc5 Bf2 29.Rxe8 Rxe8 30.b3 Be2 31.Nxe2 Rxe2 32.Rc1 Be3 33.Rc2 Re1+ 34.Kb2 
a5 35.Ne4 g4 36.hxg4 hxg4 37.fxg4 Bxd4 38.cxd4 Rxe4 39.Rd2 Re3 40.g5 Rg3 
41.Rf2 Rxg5 42.Kc2 Rg3 43.Kd2 g5 44.Re2 Kd7 45.Ke1 Kd6 46.Kf1 c6 47.Re5 f3
48.gxf3 Rxf3+ 49.Kg2 Rd3 50.Rxg5 Rxd4 51.Rg6+ Kc5 52.a3 Rd2+ 53.Kf1 Rc2 
54.Ke1 Rc3 55.Rg5+ Kb6 56.b4 Rxa3 0-1

[Event "12th Africa-ch (w)"]
[Site "Livingstone ZAM"]
[Date "2018.05.13"]
[Round "1"]
[White "Banda, Maria"]
[Black "Mwango, Makumba Lorita"]
[Result "0-1"]
[WhiteElo "1584"]
[BlackElo "1923"]
[EventDate "2018.05.13"]
[PlyCount "90"]

1.e4 e6 2.d4 d5 3.Nc3 c6 4.Nf3 Nf6 5.Bg5 Be7 6.Bd3 dxe4 7.Nxe4 Nxe4 8.Bxe7
Qxe7 9.Bxe4 Qb4+ 10.Qd2 Qxb2 11.O-O Qb5 12.Qf4 Nd7 13.Ng5 Nf6 14.Bd3 Qa5 
15.Rfe1 h6 16.Nf3 O-O 17.Ne5 Qd8 18.c4 Nd7 19.Qe4 f5 20.Qe3 Nxe5 21.Qxe5 
Qf6 22.Qxf6 Rxf6 23.Re5 Bd7 24.Rae1 Rd8 25.d5 exd5 26.cxd5 Rd6 27.dxc6 
Rxc6 28.Bxf5 Bxf5 29.Rxf5 Ra6 30.Ra1 Rxa2 31.Rb1 Rad2 32.g3 Rd1+ 33.Rxd1 
Rxd1+ 34.Kg2 Rd6 35.Ra5 a6 36.h4 b5 37.Ra3 b4 38.Ra4 Rb6 39.Ra1 b3 40.Kf1 
b2 41.Rb1 a5 42.Ke2 a4 43.Kd2 a3 44.Kc2 a2 45.Rxb2 Rc6+ 0-1

[Event "12th Africa-ch (w)"]
[Site "Livingstone ZAM"]
[Date "2018.05.13"]
[Round "1"]
[White "Latreche, Khadidja"]
[Black "Makwena, Christine"]
[Result "1-0"]
[WhiteElo "1888"]
[BlackElo "1513"]
[EventDate "2018.05.13"]
[PlyCount "81"]

1.e4 e6 2.Qe2 d5 3.exd5 Qxd5 4.Nc3 Qa5 5.Nf3 Nf6 6.g3 Be7 7.Bg2 O-O 8.O-O 
Nbd7 9.d4 c6 10.Bf4 Nd5 11.Nxd5 cxd5 12.h4 Qd8 13.Rfe1 Nf6 14.Ne5 Nd7 15.
Nxd7 Qxd7 16.c4 dxc4 17.d5 Bb4 18.Red1 exd5 19.Bxd5 Qf5 20.Qxc4 Be7 21.Re1
Bf6 22.Bxf7+ Kh8 23.Rad1 Qa5 24.Bd6 Be6 25.Qxe6 Rac8 26.b4 Qa4 27.Qb3 Qb5 
28.a4 Qc6 29.Bc5 Qc7 30.Be6 Rfd8 31.Rxd8+ Rxd8 32.Rd1 Rxd1+ 33.Qxd1 b6 34.
Qd6 Qxd6 35.Bxd6 a5 36.bxa5 bxa5 37.Kf1 Bd4 38.Bc7 Bc3 39.Ke2 h6 40.h5 Kh7
41.Bf7 1-0

[Event "12th Africa-ch (w)"]
[Site "Livingstone ZAM"]
[Date "2018.05.13"]
[Round "1"]
[White "Simenda, Daisy"]
[Black "Tlale, Tshepang"]
[Result "0-1"]
[WhiteElo "1502"]
[BlackElo "1844"]
[EventDate "2018.05.13"]
[PlyCount "82"]

1.e4 d5 2.exd5 Nf6 3.Nf3 Nxd5 4.c4 Nb6 5.Be2 Bg4 6.O-O e6 7.Nc3 Nc6 8.b3 
Be7 9.Bb2 O-O 10.Ne4 f5 11.Ng3 Bf6 12.Bxf6 Qxf6 13.h3 Bxf3 14.Bxf3 e5 15.
c5 Nd7 16.Bd5+ Kh8 17.Rc1 Rab8 18.a3 Nd4 19.d3 c6 20.Bf3 Qe7 21.b4 Nf6 22.
Re1 Rbe8 23.Rc4 Qd7 24.Be2 Nd5 25.Bf1 Nf4 26.Ne2 Ndxe2+ 27.Bxe2 Rd8 28.Rc3
Qd5 29.Bf1 Rfe8 30.Qc2 Qf7 31.Qb2 Qg6 32.Kh1 Qf6 33.a4 Rd4 34.Rb3 Qd8 35.
Qc2 Qd5 36.Kg1 Re6 37.a5 a6 38.Qc3 Rg6 39.Kh2 Rxg2+ 40.Kh1 Rxf2+ 41.Kg1 
Rxf1+ 0-1

[Event "12th Africa-ch (w)"]
[Site "Livingstone ZAM"]
[Date "2018.05.13"]
[Round "1"]
[White "Francis, Onkemetse Linda"]
[Black "Mwilola, Phylis Namasiku"]
[Result "1/2-1/2"]
[WhiteElo "1813"]
[BlackElo "1497"]
[EventDate "2018.05.13"]
[PlyCount "77"]

1.e4 d6 2.d4 Nf6 3.Bd3 g6 4.Nf3 Bg7 5.c3 Nbd7 6.Bg5 c5 7.O-O O-O 8.Re1 h6 
9.Bd2 e5 10.dxe5 Nxe5 11.Nxe5 dxe5 12.Bc2 Qb6 13.Qc1 Kh7 14.h3 Qc7 15.Na3 
Nh5 16.Qd1 Rd8 17.Qe2 Be6 18.Be3 Nf4 19.Qf1 Qc8 20.Kh2 f5 21.Red1 Qc6 22.
exf5 gxf5 23.Rxd8 Rxd8 24.Bxf4 exf4 25.Qe2 Rf8 26.f3 Kg6 27.Nc4 Bxc4 28.
Qxc4 Kg5 29.Re1 b6 30.Qe2 Bf6 31.Qd2 Rd8 32.h4+ Kg6 33.Qxf4 Kg7 34.Bxf5 
Qd6 35.Qxd6 Rxd6 36.h5 Rd2 37.Rb1 Be5+ 38.Kh3 Kf6 39.Bg4 1/2-1/2

[Event "12th Africa-ch (w)"]
[Site "Livingstone ZAM"]
[Date "2018.05.13"]
[Round "1"]
[White "Desiderata, Nkhoma"]
[Black "Laubscher, Anzel"]
[Result "0-1"]
[WhiteElo "1481"]
[BlackElo "1803"]
[EventDate "2018.05.13"]
[PlyCount "122"]

1.e4 c5 2.Nf3 d6 3.d4 cxd4 4.Nxd4 Nf6 5.Nc3 g6 6.Be2 Bg7 7.O-O O-O 8.Be3 
Nc6 9.Rb1 a6 10.a3 Nxd4 11.Bxd4 b5 12.Bf3 Bb7 13.e5 Bxf3 14.Qxf3 Nd7 15.
Be3 Nxe5 16.Qd1 Nc4 17.Bd4 Bxd4 18.Qxd4 Qb6 19.Qd1 e6 20.Ne4 Rad8 21.Re1 
d5 22.Ng5 h6 23.Nf3 Rc8 24.Qc1 Kh7 25.Qf4 Qd6 26.Qd4 Rc7 27.Re2 f6 28.h3 
e5 29.Qg4 e4 30.Nd4 f5 31.Qh4 g5 32.Qh5 Re7 33.g4 fxg4 34.hxg4 Qg6 35.Qh3 
Ne5 36.Rf1 Rf4 37.f3 exf3 38.Rxe5 Rxe5 39.Nxf3 Ree4 40.Nh2 Rxf1+ 41.Qxf1 
Rf4 42.Qe2 Qe4 43.Qd2 Qd4+ 44.Qxd4 Rxd4 45.Nf3 Rxg4+ 46.Kf2 Rf4 47.Ke3 
Rxf3+ 48.Kxf3 h5 49.b3 Kg6 50.c3 Kf5 51.Ke3 h4 52.Kd4 h3 53.Kxd5 h2 54.Kc5
h1=Q 55.Kb4 Ke5 56.Ka5 Qc6 57.Kb4 Kd5 58.Ka5 Kc5 59.b4+ Kc4 60.a4 bxa4 61.
b5 Qxb5# 0-1

[Event "12th Africa-ch (w)"]
[Site "Livingstone ZAM"]
[Date "2018.05.13"]
[Round "1"]
[White "Caxita, Esperanca"]
[Black "Mashane, Mary"]
[Result "1-0"]
[WhiteElo "1761"]
[BlackElo "1285"]
[EventDate "2018.05.13"]
[PlyCount "91"]

1.e4 e5 2.Nf3 Nc6 3.Bc4 Be7 4.d4 exd4 5.c3 dxc3 6.Qd5 Nh6 7.Bxh6 O-O 8.Bc1
Nb4 9.Qh5 cxb2 10.Bxb2 Bf6 11.e5 g6 12.Qh6 Bg7 13.Qd2 Qe7 14.O-O a6 15.Ba3
c5 16.Re1 b5 17.Bd5 Rb8 18.Nc3 Bb7 19.Bxb7 Rxb7 20.Nd5 Nxd5 21.Qxd5 Rc7 
22.Rac1 b4 23.Bxb4 Rcc8 24.Ba5 Rc6 25.Red1 c4 26.Qxd7 Qxd7 27.Rxd7 Bh6 28.
Rc2 Rc5 29.Bc3 Re8 30.g3 g5 31.Rd6 g4 32.Nd2 Bf8 33.Rxa6 Bg7 34.Bd4 Rd5 
35.Rxc4 f5 36.exf6 Re1+ 37.Kg2 Bh6 38.f7+ Kxf7 39.Rxh6 Re2 40.Rxh7+ Ke6 
41.Rc6+ Rd6 42.Rh6+ Ke7 43.Bc5 Rxd2 44.Bxd6+ Kf7 45.Rc7+ Kg8 46.Be5 1-0

[Event "12th Africa-ch (w)"]
[Site "Livingstone ZAM"]
[Date "2018.05.14"]
[Round "2"]
[White "Shahenda, Wafa"]
[Black "Latreche, Khadidja"]
[Result "1-0"]
[WhiteElo "2148"]
[BlackElo "1888"]
[EventDate "2018.05.13"]
[PlyCount "113"]

1.e4 d5 2.exd5 Nf6 3.d4 Bg4 4.f3 Bf5 5.Bb5+ Nbd7 6.c4 a6 7.Bxd7+ Qxd7 8.
Ne2 e6 9.dxe6 Qxe6 10.Qa4+ Nd7 11.Nc3 O-O-O 12.Nd5 Bd3 13.Nf4 Qxc4 14.Qxc4
Bxc4 15.b3 Bb5 16.Kf2 Bxe2 17.Nxe2 Nb6 18.a3 Be7 19.Rd1 Bf6 20.Bf4 Nd5 21.
Be5 Rhe8 22.Bxf6 Nxf6 23.Nc3 Nd5 24.Ne4 f5 25.Ng5 h6 26.Nf7 Nc3 27.Rdc1 
Rxd4 28.Rxc3 Rd7 29.Nxh6 gxh6 30.Ra2 Re5 31.Kg3 Rd4 32.Rac2 Re7 33.Rc5 f4+
34.Kg4 c6 35.R5c4 Rd3 36.Rxf4 Rxb3 37.a4 h5+ 38.Kxh5 Rh7+ 39.Kg6 Rxh2 40.
Rf7 Rd3 41.Re2 Rd7 42.f4 Rh8 43.Rxd7 Kxd7 44.f5 b5 45.f6 Rg8+ 46.Kh7 Rg4 
47.f7 Rf4 48.Kg7 Rg4+ 49.Kf6 Rf4+ 50.Kg6 b4 51.g3 Rf3 52.g4 b3 53.Kg7 c5 
54.f8=Q Rxf8 55.Kxf8 c4 56.Rb2 Ke6 57.g5 1-0

[Event "12th Africa-ch (w)"]
[Site "Livingstone ZAM"]
[Date "2018.05.14"]
[Round "2"]
[White "Latreche, Sabrina"]
[Black "Tlale, Tshepang"]
[Result "1-0"]
[WhiteElo "2043"]
[BlackElo "1844"]
[EventDate "2018.05.13"]
[PlyCount "120"]

1.e4 d5 2.exd5 Nf6 3.d4 Bg4 4.Nf3 Qxd5 5.Be2 e6 6.O-O Be7 7.c4 Qd7 8.h3 
Bxf3 9.Bxf3 Nc6 10.Be3 O-O 11.Nc3 Rfd8 12.Ne2 e5 13.Bxc6 Qxc6 14.Qb3 exd4 
15.Nxd4 Qe4 16.Rfe1 c5 17.Bg5 Qg6 18.Nf3 Bd6 19.Qxb7 h6 20.Bxf6 Qxf6 21.b3
a5 22.Qe4 a4 23.Rad1 axb3 24.axb3 Rab8 25.Qc2 Bf4 26.Nd2 Qb6 27.Ne4 Rxd1 
28.Rxd1 Be5 29.Rd5 Bd4 30.Nd2 Rd8 31.Rxd8+ Qxd8 32.Nf3 Bf6 33.Qe2 Qc8 34.
Qe4 Qd7 35.Qe2 Qc8 36.Nd2 Bd4 37.Qf3 Qe6 38.Qa8+ Kh7 39.Qe4+ Qxe4 40.Nxe4 
f5 41.Nd6 Kg6 42.Nb5 Be5 43.Kf1 f4 44.Ke2 Kf5 45.Kd3 h5 46.Nc3 Bd6 47.Ne4 
Be7 48.f3 g5 49.b4 cxb4 50.c5 Ke5 51.Kc4 b3 52.Kxb3 Kd5 53.Kb4 Kc6 54.Kc4 
Bf8 55.Nxg5 Bxc5 56.Ne6 Be3 57.Nd4+ Kd7 58.Kd5 Ke7 59.Ke5 Bxd4+ 60.Kxd4 
Kf6 1-0

[Event "12th Africa-ch (w)"]
[Site "Livingstone ZAM"]
[Date "2018.05.14"]
[Round "2"]
[White "Laubscher, Anzel"]
[Black "Sherif, Amina"]
[Result "1/2-1/2"]
[WhiteElo "1803"]
[BlackElo "1955"]
[EventDate "2018.05.13"]
[PlyCount "139"]

1.e4 g6 2.d4 Bg7 3.Nf3 c6 4.c3 d6 5.Nbd2 Nd7 6.Bc4 e5 7.O-O Ngf6 8.Qe2 O-O
9.Rd1 Qc7 10.a4 Re8 11.dxe5 Nxe5 12.Nxe5 Rxe5 13.Bd3 d5 14.f3 Bf5 15.g4 
dxe4 16.Nc4 Rd5 17.gxf5 exd3 18.Rxd3 Rxf5 19.Nd6 Rd5 20.Ne4 Rxd3 21.Qxd3 
Rd8 22.Nxf6+ Bxf6 23.Qe2 Qd7 24.Bf4 Qf5 25.Bg3 Rd3 26.Kg2 Qd5 27.Bf4 Kg7 
28.Re1 Bg5 29.Qe5+ Qxe5 30.Bxe5+ Bf6 31.Bxf6+ Kxf6 32.Re2 c5 33.Kg3 Rd1 
34.Re4 Rb1 35.b4 Rc1 36.Rf4+ Ke6 37.Re4+ Kd6 38.Re3 cxb4 39.cxb4 Rc4 40.
Rb3 Kc6 41.f4 f5 42.h4 h5 43.b5+ Kc5 44.Re3 Re4 45.Rc3+ Rc4 46.Re3 Rxa4 
47.Re6 Ra3+ 48.Kg2 Rb3 49.Rxg6 Rxb5 50.Rg5 Kd4 51.Rxh5 Ke4 52.Rg5 Kxf4 53.
Rg7 Rb6 54.h5 a5 55.Rg6 Rb2+ 56.Kh3 Re2 57.h6 Re7 58.Rg7 Re6 59.h7 Rh6+ 
60.Kg2 b5 61.Ra7 a4 62.Rb7 Kg5 63.Kg3 f4+ 64.Kf3 Rh3+ 65.Ke4 f3 66.Rxb5+ 
Kg6 67.h8=Q Rxh8 68.Kxf3 Ra8 69.Rb1 a3 70.Ke3 1/2-1/2

[Event "12th Africa-ch (w)"]
[Site "Livingstone ZAM"]
[Date "2018.05.14"]
[Round "2"]
[White "Mwango, Makumba Lorita"]
[Black "Caxita, Esperanca"]
[Result "1-0"]
[WhiteElo "1923"]
[BlackElo "1761"]
[EventDate "2018.05.13"]
[PlyCount "119"]

1.d4 d5 2.Nf3 Nf6 3.Bf4 Nbd7 4.e3 c5 5.Be2 Qb6 6.Qc1 g6 7.O-O Bg7 8.c3 O-O
9.Nbd2 Nh5 10.Bg5 Re8 11.Nb3 Nhf6 12.Rd1 Ne4 13.Bh4 e6 14.Nbd2 Ndf6 15.
Nxe4 Nxe4 16.Nd2 Nd6 17.Qc2 Bd7 18.Qb3 c4 19.Qc2 Nf5 20.Bg5 f6 21.Bf4 e5 
22.dxe5 fxe5 23.Bg3 h5 24.Nf3 Bc6 25.Nh4 Nxh4 26.Bxh4 e4 27.Rab1 Qa5 28.
Ra1 Rac8 29.Qd2 Qc5 30.g4 hxg4 31.Bxg4 Rc7 32.Kh1 Be5 33.Rg1 Rh7 34.Bg3 
Kf7 35.Rg2 Qd6 36.Rf1 Reh8 37.Kg1 Ke7 38.Bxe5 Qxe5 39.f4 exf3 40.Bxf3 g5 
41.Qd4 Qxd4 42.exd4 Rg7 43.Re1+ Kd6 44.Re5 Rhg8 45.Bg4 Re8 46.Rf5 Re1+ 47.
Rf1 Rxf1+ 48.Kxf1 Bd7 49.Kf2 Rf7+ 50.Kg3 Rf4 51.Bxd7 Kxd7 52.Re2 Re4 53.
Rf2 Ke6 54.h3 a6 55.Rh2 Kf5 56.Rf2+ Rf4 57.Rxf4+ gxf4+ 58.Kf3 b5 59.h4 a5 
60.a3 1-0

[Event "12th Africa-ch (w)"]
[Site "Livingstone ZAM"]
[Date "2018.05.14"]
[Round "2"]
[White "Vilhete, Vania"]
[Black "Francis, Onkemetse Linda"]
[Result "1-0"]
[WhiteElo "1717"]
[BlackElo "1813"]
[EventDate "2018.05.13"]
[PlyCount "47"]

1.d4 d5 2.c4 e6 3.Nc3 Nf6 4.e3 Be7 5.Nf3 Nbd7 6.Bd3 dxc4 7.Bxc4 c5 8.d5 
exd5 9.Nxd5 Nxd5 10.Qxd5 O-O 11.O-O Nb6 12.Qd3 Nxc4 13.Qxc4 Be6 14.Qc2 Rc8
15.Bd2 Qd5 16.e4 Qh5 17.Bc3 Rfd8 18.Rfd1 h6 19.Qa4 a6 20.a3 Rxd1+ 21.Rxd1 
Rd8 22.Rxd8+ Bxd8 23.Qe8+ Kh7 24.Qxd8 1-0

[Event "12th Africa-ch (w)"]
[Site "Livingstone ZAM"]
[Date "2018.05.14"]
[Round "2"]
[White "Mwilola, Phylis Namasiku"]
[Black "Mezioud, Amina"]
[Result "0-1"]
[WhiteElo "1497"]
[BlackElo "2078"]
[EventDate "2018.05.13"]
[PlyCount "122"]

1.d4 Nf6 2.Nf3 e6 3.Bf4 c5 4.c3 Be7 5.e3 O-O 6.Nbd2 b6 7.Bd3 Nh5 8.Be5 Nc6
9.g4 Nf6 10.Rg1 d6 11.Bxf6 Bxf6 12.g5 Be7 13.h4 f5 14.gxf6 Bxf6 15.Bxh7+ 
Kxh7 16.Ng5+ Bxg5 17.hxg5 g6 18.Qg4 Kg7 19.Ne4 e5 20.Qg3 Rh8 21.Nf6 cxd4 
22.exd4 exd4 23.O-O-O Bf5 24.Rh1 Ne5 25.Rxh8 Qxh8 26.Rxd4 Qh1+ 27.Rd1 Qf3 
28.Qh2 Qh3 29.Qxh3 Bxh3 30.Rh1 Rh8 31.Rd1 Bf5 32.Rxd6 Nd3+ 33.Kc2 Nxf2+ 
34.Kb3 Ng4 35.Rc6 Rc8 36.Rd6 Nxf6 37.Rxf6 Rc5 38.Rd6 Kf7 39.Kb4 Be6 40.Rd2
Rxg5 41.c4 Rf5 42.b3 g5 43.Rd3 g4 44.Rg3 Rf3 45.Rxg4 Bxg4 46.Kb5 Rf5+ 47.
Ka6 Ra5+ 48.Kb7 Bf3+ 49.Kc7 Ke7 50.a4 Rc5+ 51.Kb8 a5 52.Ka7 Rc6 53.Ka6 Kd7
54.Kb5 Kc7 55.b4 axb4 56.Kxb4 Be2 57.a5 bxa5+ 58.Kxa5 Rxc4 59.Kb5 Bd3 60.
Ka5 Kc6 61.Ka6 Ra4# 0-1

[Event "12th Africa-ch (w)"]
[Site "Livingstone ZAM"]
[Date "2018.05.14"]
[Round "2"]
[White "Makwena, Christine"]
[Black "Botlhole, Kgalalelo"]
[Result "1/2-1/2"]
[WhiteElo "1513"]
[BlackElo "1728"]
[EventDate "2018.05.13"]
[PlyCount "130"]

1.c4 e5 2.Nc3 Nc6 3.g3 g6 4.Bg2 Bg7 5.Nf3 Nge7 6.d3 O-O 7.O-O d6 8.Bg5 f6 
9.Bd2 f5 10.e3 Bd7 11.a3 a5 12.Rb1 Qc8 13.Ne2 Kh8 14.b4 axb4 15.axb4 e4 
16.dxe4 fxe4 17.Nfd4 Bh3 18.Bxh3 Qxh3 19.Nf4 Qd7 20.Nde6 Rf7 21.Nxg7 Kxg7 
22.Bc3+ Kf8 23.b5 Nd8 24.Qd4 Qf5 25.Qh8+ Ng8 26.Qd4 Ne6 27.Nxe6+ Qxe6 28.
Ra1 Re8 29.c5 dxc5 30.Qxc5+ Qe7 31.Qd4 Qf6 32.Bb4+ Kg7 33.Qc4 Qe6 34.Bc3+ 
Nf6 35.Qxe6 Rxe6 36.Ra7 Rb6 37.Rb1 c6 38.Ra5 Rxb5 39.Raxb5 cxb5 40.Rxb5 
Rc7 41.Be5 Rd7 42.Rb6 Rf7 43.Re6 h5 44.h4 b5 45.Rb6 b4 46.Rxb4 Re7 47.
Bxf6+ Kxf6 48.Rb6+ Kf5 49.Kg2 Rc7 50.Rb5+ Kf6 51.Rg5 Rc2 52.g4 hxg4 53.
Rxg4 Kf5 54.Rf4+ Ke5 55.Kg3 Rc3 56.Kg4 Rc1 57.Kg5 Rg1+ 58.Rg4 Rf1 59.Rg2 
Rh1 60.Kg4 Kf6 61.f4 exf3 62.Kxf3 Rxh4 63.e4 Rh3+ 64.Kf4 Rh4+ 65.Kf3 Rh3+ 
1/2-1/2

[Event "12th Africa-ch (w)"]
[Site "Livingstone ZAM"]
[Date "2018.05.14"]
[Round "2"]
[White "Simenda, Daisy"]
[Black "Angolikin, Goretti"]
[Result "0-1"]
[WhiteElo "1502"]
[BlackElo "1701"]
[EventDate "2018.05.13"]
[PlyCount "58"]

1.e4 c6 2.d4 d5 3.e5 Bf5 4.Nf3 h6 5.Be2 e6 6.O-O Ne7 7.Be3 Bh7 8.Nbd2 Nf5 
9.c3 Be7 10.Nb3 Nd7 11.Nc1 Qc7 12.a3 f6 13.exf6 gxf6 14.Nd3 Nxe3 15.fxe3 
O-O-O 16.Qa4 Kb8 17.Nb4 Ka8 18.Qb3 Rhg8 19.c4 Rg7 20.cxd5 exd5 21.Rac1 
Bxb4 22.axb4 Rdg8 23.Rf2 Bf5 24.b5 Bh3 25.g3 Rxg3+ 26.Kh1 Bg2+ 27.Kg1 
Bxf3+ 28.hxg3 Qxg3+ 29.Kf1 Qg1# 0-1

[Event "12th Africa-ch (w)"]
[Site "Livingstone ZAM"]
[Date "2018.05.14"]
[Round "2"]
[White "Kudzanayi, Charinda"]
[Black "Desiderata, Nkhoma"]
[Result "1-0"]
[WhiteElo "1692"]
[BlackElo "1481"]
[EventDate "2018.05.13"]
[PlyCount "75"]

1.c4 c6 2.Nf3 d5 3.e3 Nf6 4.Be2 g6 5.d4 Bg7 6.Nc3 O-O 7.O-O Bg4 8.c5 Nbd7 
9.b4 Bxf3 10.Bxf3 e5 11.Bb2 e4 12.Be2 Ne8 13.a4 Nc7 14.b5 Ne6 15.Qb3 Qg5 
16.bxc6 bxc6 17.Qb7 Qd8 18.Qxc6 Nf6 19.a5 Rb8 20.Rfb1 Re8 21.Qa4 h5 22.Bb5
Re7 23.Ba3 Ng5 24.c6 Re6 25.Ba6 Rxb1+ 26.Rxb1 Bf8 27.Bxf8 Kxf8 28.Rb7 Kg7 
29.c7 Qc8 30.Qb5 Ne8 31.Rxa7 Rxa6 32.Qxa6 Nf3+ 33.gxf3 Qf5 34.c8=Q Qg5+ 
35.Kh1 exf3 36.Qf1 Nd6 37.Qd7 Qf6 38.Nxd5 1-0

[Event "12th Africa-ch (w)"]
[Site "Livingstone ZAM"]
[Date "2018.05.14"]
[Round "2"]
[White "Mashane, Mary"]
[Black "Banda, Maria"]
[Result "0-1"]
[WhiteElo "1285"]
[BlackElo "1584"]
[EventDate "2018.05.13"]
[PlyCount "41"]

1.e4 e5 2.Nf3 Nc6 3.Nc3 Nf6 4.Bc4 Bc5 5.O-O d6 6.a3 Bg4 7.b4 Bb6 8.Be2 O-O
9.d3 Nd4 10.Nxd4 Bxd4 11.Bb2 Bxe2 12.Qxe2 c6 13.Rab1 Re8 14.Na4 Bxb2 15.
Nxb2 d5 16.Rfd1 Qc7 17.Na4 b6 18.Qf3 Qd6 19.Nc3 d4 20.Ne2 Re6 21.Ng3 0-1

[Event "12th Africa-ch (w)"]
[Site "Livingstone ZAM"]
[Date "2018.05.14"]
[Round "3"]
[White "Mwango, Makumba Lorita"]
[Black "Shahenda, Wafa"]
[Result "0-1"]
[WhiteElo "1923"]
[BlackElo "2148"]
[EventDate "2018.05.13"]
[PlyCount "43"]

1.d4 Nf6 2.Nf3 g6 3.c4 Bg7 4.Nc3 d6 5.e3 O-O 6.Be2 c6 7.O-O Qc7 8.Bd2 e5 
9.dxe5 dxe5 10.e4 Rd8 11.Qc2 Nbd7 12.h3 Nf8 13.Be3 Nh5 14.Rad1 Ne6 15.
Rxd8+ Qxd8 16.Rd1 Qe7 17.Qd2 Nhf4 18.Qd6 Nxe2+ 19.Nxe2 Qxd6 20.Rxd6 f6 21.
Nc3 b6 22.b3 0-1

[Event "12th Africa-ch (w)"]
[Site "Livingstone ZAM"]
[Date "2018.05.14"]
[Round "3"]
[White "Vilhete, Vania"]
[Black "Latreche, Sabrina"]
[Result "0-1"]
[WhiteElo "1717"]
[BlackElo "2043"]
[EventDate "2018.05.13"]
[PlyCount "106"]

1.d4 d5 2.c4 c6 3.Nc3 Nf6 4.e3 e6 5.Nf3 Nbd7 6.Bd3 dxc4 7.Bxc4 b5 8.Bd3 
Bb7 9.O-O Be7 10.a3 a6 11.e4 c5 12.Re1 cxd4 13.Nxd4 Nc5 14.Bc2 Qc7 15.Qe2 
Rd8 16.Nf3 h6 17.e5 Nd5 18.Ne4 Nxe4 19.Bxe4 Bc5 20.Bd2 O-O 21.Rac1 Qe7 22.
Rc2 b4 23.Rec1 bxa3 24.Rxc5 axb2 25.R1c4 Nb6 26.Rc7 Bxe4 27.Rxe7 b1=Q+ 28.
Rc1 Qd3 29.Qxd3 Rxd3 30.Ba5 Nd5 31.Ra7 Bxf3 32.gxf3 Rxf3 33.Rxa6 Rf5 34.
Bc7 Rc8 35.Rac6 Rxc7 36.Rxc7 Nxc7 37.Rxc7 Rxe5 38.Kg2 g5 39.Kg3 Kg7 40.Ra7
Rf5 41.f3 Rf4 42.Ra5 Kf6 43.Ra8 h5 44.Rg8 Kf5 45.Rg7 f6 46.Rh7 h4+ 47.Kg2 
Rd4 48.Ra7 Rd2+ 49.Kh3 Rf2 50.Ra3 e5 51.Rb3 Kf4 52.Rb4+ Kxf3 53.Rg4 Rxh2+ 
0-1

[Event "12th Africa-ch (w)"]
[Site "Livingstone ZAM"]
[Date "2018.05.14"]
[Round "3"]
[White "Sherif, Amina"]
[Black "Latreche, Khadidja"]
[Result "0-1"]
[WhiteElo "1955"]
[BlackElo "1888"]
[EventDate "2018.05.13"]
[PlyCount "44"]

1.g3 Nf6 2.Bg2 d5 3.d3 e6 4.Nd2 c5 5.e4 Nc6 6.Ngf3 Be7 7.O-O Qc7 8.Re1 b6 
9.exd5 exd5 10.d4 O-O 11.Nf1 Bg4 12.dxc5 bxc5 13.Ne3 Rad8 14.c3 Bc8 15.Qc2
g6 16.b3 Rfe8 17.Bb2 Bf8 18.Rad1 Ne7 19.Qb1 Bh6 20.Ba1 Nf5 21.b4 Nxe3 22.
fxe3 Ng4 0-1

[Event "12th Africa-ch (w)"]
[Site "Livingstone ZAM"]
[Date "2018.05.14"]
[Round "3"]
[White "Tlale, Tshepang"]
[Black "Laubscher, Anzel"]
[Result "1-0"]
[WhiteElo "1844"]
[BlackElo "1803"]
[EventDate "2018.05.13"]
[PlyCount "37"]

1.Nf3 Nf6 2.c4 d6 3.d4 Nbd7 4.g3 e5 5.Bg2 Be7 6.O-O O-O 7.b3 c6 8.dxe5 
dxe5 9.Bb2 Qc7 10.Qc2 Re8 11.Nbd2 Bf8 12.e3 g6 13.Rfd1 Bg7 14.b4 a5 15.a3 
b6 16.Ng5 Bb7 17.Nde4 Nxe4 18.Nxe4 Bf8 19.Rxd7 1-0

[Event "12th Africa-ch (w)"]
[Site "Livingstone ZAM"]
[Date "2018.05.14"]
[Round "3"]
[White "Mezioud, Amina"]
[Black "Angolikin, Goretti"]
[Result "1-0"]
[WhiteElo "2078"]
[BlackElo "1701"]
[EventDate "2018.05.13"]
[PlyCount "61"]

1.e4 c6 2.d4 d5 3.Nc3 dxe4 4.Nxe4 Bf5 5.Ng3 Bg6 6.Nh3 h6 7.Nf4 Bh7 8.c3 e6
9.Bd3 Bxd3 10.Qxd3 Nf6 11.O-O Bd6 12.c4 Qc7 13.Nfe2 Nbd7 14.b3 O-O-O 15.f4
Rdg8 16.c5 Be7 17.Nc3 g5 18.b4 Nd5 19.Nxd5 exd5 20.Nf5 Bf8 21.b5 Nf6 22.
Rb1 Qd7 23.bxc6 Qxc6 24.Be3 Nh5 25.fxg5 hxg5 26.Nd6+ Bxd6 27.cxd6 Qxd6 28.
Rxf7 Qxh2+ 29.Kxh2 Nf4+ 30.Qh7 Rxh7+ 31.Rxh7 1-0

[Event "12th Africa-ch (w)"]
[Site "Livingstone ZAM"]
[Date "2018.05.14"]
[Round "3"]
[White "Caxita, Esperanca"]
[Black "Kudzanayi, Charinda"]
[Result "1-0"]
[WhiteElo "1761"]
[BlackElo "1692"]
[EventDate "2018.05.13"]
[PlyCount "85"]

1.e4 c5 2.Nf3 d6 3.d4 cxd4 4.Nxd4 Nf6 5.Bd3 a6 6.Nd2 e5 7.N4b3 Be7 8.O-O 
O-O 9.f4 Nc6 10.f5 b5 11.Qf3 Bb7 12.a3 a5 13.a4 bxa4 14.Rxa4 d5 15.exd5 
Qxd5 16.Ne4 Nxe4 17.Bxe4 Qb5 18.Qg4 Bf6 19.Bh6 Ne7 20.Bxb7 Qxb7 21.Bxg7 
Bxg7 22.f6 Ng6 23.fxg7 Kxg7 24.h4 Kh8 25.Qf5 f6 26.Qe4 Qxe4 27.Rxe4 f5 28.
Ra4 e4 29.h5 Ne5 30.Rxa5 Rxa5 31.Nxa5 f4 32.Kf2 Ng4+ 33.Ke2 Ne3 34.Rc1 
Nxg2 35.Nc4 f3+ 36.Kf2 Rd8 37.h6 Kg8 38.Ra1 Re8 39.b3 Rd8 40.Ra6 Rd1 41.
Re6 Re1 42.Nd6 e3+ 43.Kxf3 1-0

[Event "12th Africa-ch (w)"]
[Site "Livingstone ZAM"]
[Date "2018.05.14"]
[Round "3"]
[White "Banda, Maria"]
[Black "Makwena, Christine"]
[Result "0-1"]
[WhiteElo "1584"]
[BlackElo "1513"]
[EventDate "2018.05.13"]
[PlyCount "60"]

1.e4 e6 2.d4 d5 3.exd5 exd5 4.Nf3 Nf6 5.h3 h6 6.Nc3 Bf5 7.Bf4 Bd6 8.Bxd6 
Qxd6 9.Be2 c6 10.O-O O-O 11.Re1 Nbd7 12.Bd3 Bxd3 13.Qxd3 Rfe8 14.Ne2 Nb6 
15.b3 Ne4 16.Nd2 Nd7 17.f3 Ng3 18.Nf1 Nxf1 19.Rxf1 Re7 20.Rae1 Rae8 21.Qd2
Qf6 22.c3 Qh4 23.Rf2 Nf8 24.Rff1 Ng6 25.f4 Qf6 26.Nc1 Nf8 27.Nd3 Nd7 28.
Ne5 Qd6 29.Nxd7 Qxd7 30.Kh1 Qf5 0-1

[Event "12th Africa-ch (w)"]
[Site "Livingstone ZAM"]
[Date "2018.05.14"]
[Round "3"]
[White "Botlhole, Kgalalelo"]
[Black "Mwilola, Phylis Namasiku"]
[Result "1-0"]
[WhiteElo "1728"]
[BlackElo "1497"]
[EventDate "2018.05.13"]
[PlyCount "72"]

1.c4 d6 2.Nc3 Nf6 3.g3 g6 4.Bg2 Bg7 5.Nf3 O-O 6.O-O e5 7.d3 Nc6 8.a3 Re8 
9.Rb1 Bg4 10.h3 Bf5 11.e4 Be6 12.Nd5 Qd7 13.Kh2 Nd4 14.Be3 c5 15.b4 Bxd5 
16.exd5 Nf5 17.Bg5 b6 18.Bxf6 Bxf6 19.Re1 Ng7 20.Nd2 Nh5 21.Ne4 Bg7 22.Bf3
Nf6 23.bxc5 dxc5 24.Nc3 Rad8 25.Qd2 Qc7 26.Bg2 Nd7 27.Nb5 Qb8 28.Re2 a6 
29.Nc3 f5 30.Rbe1 f4 31.Kh1 Rf8 32.gxf4 Rxf4 33.Re4 Rdf8 34.Rxf4 Rxf4 35.
Ne4 Qf8 36.Rf1 Bh6 1-0